| 000 | 01888cam a22004574i 4500 | ||
|---|---|---|---|
| 003 | PE-LiUPU | ||
| 005 | 20250731173255.0 | ||
| 008 | 150625s2003 xxu r 000 0 eng d | ||
| 020 | _a0800636139 | ||
| 035 | _a(Sirsi) i9780800636135 | ||
| 040 |
_aPE-LiUPU _bspa _cPE-LiUPU _erda |
||
| 049 | _aPRUA | ||
| 082 | 0 | 4 |
_a253.22 _bR34 _221 |
| 100 | 1 |
_aRediger, G. Lloyd, _eautor. |
|
| 245 | 1 | 0 |
_aBeyond the Scandals : _bA Guide to Healthy Sexuality for Clergy. / _cG. Lloyd Rediger. |
| 264 | 1 |
_aUSA : _bFortress Press, _c2003. |
|
| 300 |
_a235 páginas ; _c21 centímetros |
||
| 336 |
_atext _2rdacontent |
||
| 337 |
_aunmediated _2rdamedia |
||
| 338 |
_avolume _2rdacarrier |
||
| 504 | _aIncluye bibliografía. | ||
| 505 | 0 | _aUnderstanding Comtemporary Clergy Sex Scandals -- Diagnosis: Abnormal -- Cases and Interventions: An Instructive Generic Case, Worst-Case Scenarios: Child Abuse, Insidious Sexual Misconduct, Dissonant Sexual Expressions, Victim-Survivor: Care and Prevention -- Healthy Sexuality: Why People act As They Do, Healthy Sexuality: Its Joys, Varieties and Agendas, The Joys of Healthy Sex. | |
| 526 | _aSEG42 | ||
| 526 | _aSEG41 | ||
| 526 | _aSEG40 | ||
| 526 | _aSEG39 | ||
| 526 | _aP94 | ||
| 526 | _aP87 | ||
| 526 | _aP86 | ||
| 526 | _aP85 | ||
| 526 | _aP77 | ||
| 526 | _aP76 | ||
| 526 | _aP35 | ||
| 650 | 0 | 4 |
_aClero _xConducta sexual. |
| 942 |
_2ddc _cBOOK |
||
| 949 |
_a253.22 R34 _wDEWEY _c1 _i50949 _lCCODEBUL1 _mBUL _p418.00 _r0 _sY _tBOOK _u2015-6-25 _xTEOLOGIA _zUNKNOWN _0COMPRA _o.STAFF. Colección Teología |
||
| 994 |
_aC0 _bPEPRU |
||
| 596 | _a1 | ||
| 999 |
_a253.22 R34 _wDEWEY _c43687 _i50949 _f2021-11-10 _g5 _lCCODEBUL1 _mBUL _p418.00 _r0 _sY _tBOOK _u2015-6-25 _xTEOLOGIA _PP35 _0COMPRA _o.CIRCNOTE. Material de alto precio _o.STAFF. Colección Teología _d43687 |
||
| 980 |
_81 _gALBERTO SANCHEZ Responsable de Automatización |
||